[Event "World Blitz Final"]
[Site "Astana KAZ"]
[Date "2012.07.09"]
[Round "7"]
[White "Ivanchuk, V."]
[Black "Svidler, P."]
[Result "1/2-1/2"]
[WhiteElo "2769"]
[BlackElo "2749"]
[PlyCount "109"]
[EventDate "2012.07.01"]

1. c4 g6 2. e4 e5 3. d4 Nf6 4. Nf3 Bb4+ 5. Nc3 exd4 6. a3 Be7 7. Nxd4 d6 8. f3
O-O 9. Be3 a6 10. Qd2 c5 11. Nde2 Nc6 12. Nf4 Re8 13. Be2 Bf8 14. O-O Be6 15.
Rfd1 Na5 16. Nxe6 Rxe6 17. Rab1 Rc8 18. b4 cxb4 19. Rxb4 Nd7 20. Nd5 Bg7 21.
Bg5 Qf8 22. Rdb1 Nc5 23. Be3 f5 24. exf5 Qxf5 25. Bf1 Rce8 26. Bf2 Qf7 27. Kh1
Kh8 28. Rb6 Nc6 29. Bxc5 dxc5 30. Rxb7 Qf5 31. Bd3 Qe5 32. Be4 Rf8 33. R7b6 Nd4
34. Rxe6 Nxe6 35. Qd3 Ng5 36. g3 Nxe4 37. Qxe4 Qxe4 38. fxe4 Bd4 39. Rb6 Re8
40. Rxa6 Rxe4 41. a4 Bb2 42. a5 Rxc4 43. Rc6 Bd4 44. a6 Ra4 45. Rc8+ Kg7 46.
Rc7+ Kh6 47. Rc6 c4 48. Kg2 c3 49. Kf3 c2 50. Rxc2 Rxa6 51. h4 Ra5 52. Nf4 Be5
53. Re2 Bxf4 54. Kxf4 Ra4+ 55. Kf3 1/2-1/2

[Event "World Blitz Final"]
[Site "Astana KAZ"]
[Date "2012.07.09"]
[Round "8"]
[White "Morozevich, A."]
[Black "Svidler, P."]
[Result "1-0"]
[WhiteElo "2770"]
[BlackElo "2749"]
[PlyCount "45"]
[EventDate "2012.07.01"]

1. d4 Nf6 2. c4 g6 3. Nc3 d5 4. cxd5 Nxd5 5. e4 Nxc3 6. bxc3 Bg7 7. Bc4 c5 8.
Ne2 Nc6 9. Be3 O-O 10. Rc1 cxd4 11. cxd4 Qa5+ 12. Kf1 Qa3 13. Rc3 Qd6 14. h4
Rd8 15. h5 Bxd4 16. Nxd4 Nxd4 17. hxg6 hxg6 18. Rd3 e5 19. Bxd4 exd4 20. Qf3
Rf8 21. g4 Bd7 22. Qh3 Kg7 23. Rf3 1-0

[Event "World Blitz Final"]
[Site "Astana KAZ"]
[Date "2012.07.09"]
[Round "8"]
[White "Bologan, V."]
[Black "Ivanchuk, V."]
[Result "1-0"]
[WhiteElo "2732"]
[BlackElo "2769"]
[PlyCount "85"]
[EventDate "2012.07.01"]

1. e4 e5 2. Nf3 Nc6 3. Bb5 d6 4. d4 exd4 5. Nxd4 Bd7 6. Bxc6 bxc6 7. O-O g6 8.
c4 c5 9. Nf3 Bg7 10. Nc3 Ne7 11. h3 O-O 12. Re1 Nc6 13. Bg5 f6 14. Be3 f5 15.
exf5 Rxf5 16. Rc1 Ne5 17. Nxe5 Bxe5 18. Qd2 Bc6 19. Nd5 Qd7 20. Bxc5 Qf7 21.
Be3 Rb8 22. b4 Bxd5 23. cxd5 Rb5 24. Red1 Rxd5 25. Qc2 Rxd1+ 26. Rxd1 a6 27.
Qe2 Bf4 28. Qxa6 Bxe3 29. fxe3 Rf2 30. Rc1 c5 31. bxc5 Rxa2 32. Qc8+ Kg7 33.
Rf1 Qe7 34. cxd6 Qxd6 35. Qc3+ Kh6 36. Rf4 Rd2 37. Rh4+ Kg5 38. Rg4+ Kh6 39.
Rd4 Rd1+ 40. Rxd1 Qxd1+ 41. Kf2 Qd5 42. Qf6 Qd3 43. Qf8+ 1-0

[Event "World Blitz Final"]
[Site "Astana KAZ"]
[Date "2012.07.09"]
[Round "8"]
[White "Chadaev, N."]
[Black "Carlsen, M."]
[Result "1-0"]
[WhiteElo "2580"]
[BlackElo "2837"]
[PlyCount "55"]
[EventDate "2012.07.01"]

1. e4 g6 2. d4 Nf6 3. Nf3 Nxe4 4. Bd3 Nf6 5. O-O Bg7 6. c4 O-O 7. Nc3 d5 8. c5
Bg4 9. Be3 c6 10. h3 Bxf3 11. Qxf3 e5 12. dxe5 Nfd7 13. Qg3 Nxe5 14. Be2 Nbd7
15. f4 Nc4 16. Bxc4 dxc4 17. f5 Re8 18. Bg5 Qa5 19. Rad1 Nxc5 20. fxg6 fxg6 21.
Qf4 Qb6 22. Kh1 Rf8 23. Qxc4+ Kh8 24. Rxf8+ Bxf8 25. b4 Na6 26. Bf6+ Bg7 27.
Rd7 Bxf6 28. Qf7 1-0

[Event "World Blitz Final"]
[Site "Astana KAZ"]
[Date "2012.07.09"]
[Round "8"]
[White "Topalov, V."]
[Black "Mamedyarov, S."]
[Result "1/2-1/2"]
[WhiteElo "2752"]
[BlackElo "2726"]
[PlyCount "74"]
[EventDate "2012.07.01"]

1. Nf3 g6 2. c4 Bg7 3. g3 e5 4. Nc3 Nc6 5. Bg2 d6 6. d3 Nf6 7. O-O O-O 8. Rb1
a5 9. a3 Re8 10. b4 axb4 11. axb4 e4 12. Nxe4 Nxe4 13. dxe4 Rxe4 14. b5 Nd4 15.
Nxd4 Rxd4 16. Qb3 Be6 17. Bd5 Bxd5 18. cxd5 Re4 19. Be3 b6 20. Qd3 Qe7 21. Rfc1
f5 22. Rc2 h5 23. Rbc1 Ra7 24. Rc4 Rxc4 25. Rxc4 Qe5 26. Kg2 Qb2 27. Rc2 Qb1
28. Rxc7 Qxd3 29. Rc8+ Kf7 30. exd3 Ra5 31. Rc7+ Kg8 32. Rc6 Rxb5 33. Rxd6 Kf7
34. Bxb6 Be5 35. Rc6 Rxd5 36. d4 Bxd4 37. Bxd4 Rxd4 1/2-1/2

[Event "World Blitz Final"]
[Site "Astana KAZ"]
[Date "2012.07.09"]
[Round "8"]
[White "Le Quang Liem"]
[Black "Jumabayev, R."]
[Result "1/2-1/2"]
[WhiteElo "2693"]
[BlackElo "2525"]
[PlyCount "91"]
[EventDate "2012.07.01"]

1. d4 d5 2. c4 c6 3. Nf3 Nf6 4. Qb3 dxc4 5. Qxc4 Bf5 6. g3 e6 7. Bg2 Nbd7 8.
O-O Be7 9. e3 O-O 10. Rd1 Qc7 11. Nc3 Nd5 12. Ne1 Nxc3 13. bxc3 e5 14. Qe2 e4
15. c4 Nf6 16. h3 h5 17. Bb2 Rfd8 18. Rac1 Qd7 19. Qf1 Qe6 20. Nc2 Nh7 21. d5
cxd5 22. Nd4 Qg6 23. Nxf5 Qxf5 24. cxd5 Rxd5 25. Rxd5 Qxd5 26. Qc4 Qxc4 27.
Rxc4 Ng5 28. Rc7 Bd8 29. Rxb7 Bb6 30. Re7 Nf3+ 31. Bxf3 exf3 32. Bd4 Bxd4 33.
exd4 Rd8 34. Re4 Rd5 35. g4 hxg4 36. hxg4 Ra5 37. Kh2 Rxa2 38. Kg3 Ra3 39. d5
Rd3 40. Ra4 Rxd5 41. Rxa7 Rd3 42. Ra4 g5 43. Ra5 f6 44. Rf5 Kg7 45. Rxf3 Rd4
46. Re3 1/2-1/2

[Event "World Blitz Final"]
[Site "Astana KAZ"]
[Date "2012.07.09"]
[Round "8"]
[White "Grischuk, A."]
[Black "Andreikin, D."]
[Result "0-1"]
[WhiteElo "2763"]
[BlackElo "2700"]
[PlyCount "110"]
[EventDate "2012.07.01"]

1. e4 e5 2. Nf3 Nc6 3. Bb5 g6 4. d4 exd4 5. c3 d3 6. Bg5 Be7 7. Bxe7 Qxe7 8.
O-O Nf6 9. Qxd3 O-O 10. Nbd2 d6 11. Bxc6 bxc6 12. Rfe1 Nd7 13. Re3 Rb8 14. Qc2
c5 15. Rae1 f6 16. c4 Ne5 17. Nb1 Bb7 18. Nfd2 f5 19. f3 Qg5 20. Nc3 Rbe8 21.
Kh1 f4 22. R3e2 Qh4 23. Nd5 Rf7 24. b4 Bxd5 25. cxd5 cxb4 26. Qa4 Ree7 27. Qxa7
g5 28. Rf1 g4 29. Qb8+ Kg7 30. Qxb4 Rf6 31. fxg4 Nxg4 32. Nf3 Qh5 33. Qb2 Kf7
34. Qd2 Ne3 35. Rxe3 fxe3 36. Qxe3 Qxd5 37. h3 Kg7 38. Re1 Qc5 39. Qd2 h6 40.
Re3 Qh5 41. Qe2 Kh7 42. a4 Rg6 43. Qc2 Qc5 44. Qe2 Reg7 45. Nh4 Rg3 46. Rxg3
Rxg3 47. Nf5 Rc3 48. Qg4 Qe5 49. Qd1 Ra3 50. Nd4 c5 51. Nc2 Ra2 52. Qb1 Qb2 53.
Qf1 Kg7 54. Ne3 Ra1 55. Nd1 Qd4 0-1

[Event "World Blitz Final"]
[Site "Astana KAZ"]
[Date "2012.07.09"]
[Round "8"]
[White "Kotsur, P."]
[Black "Karjakin, Sergey"]
[Result "0-1"]
[WhiteElo "2548"]
[BlackElo "2779"]
[PlyCount "90"]
[EventDate "2012.07.01"]

1. c4 e5 2. g3 Nf6 3. Bg2 d5 4. cxd5 Nxd5 5. Nf3 Nc6 6. d4 e4 7. Ne5 f5 8. Nxc6
bxc6 9. Qc2 Qd7 10. a3 Be7 11. Nd2 O-O 12. Nc4 Qe6 13. O-O Ba6 14. b3 Bf6 15.
Bb2 Rab8 16. Rac1 c5 17. Rfd1 Rfd8 18. e3 cxd4 19. Bxd4 Bxd4 20. Rxd4 Nb6 21.
Rxd8+ Rxd8 22. Bf1 Nd5 23. Rd1 h6 24. b4 Kh7 25. Rd4 Rc8 26. Nd2 Bxf1 27. Nxf1
c5 28. Rc4 Nf6 29. Rxc5 Rd8 30. Rc7 Ng4 31. Qc4 Qxc4 32. Rxc4 Ne5 33. Rc1 Rd3
34. Ra1 Nf3+ 35. Kg2 Rb3 36. g4 fxg4 37. Kg3 Rb2 38. Rd1 h5 39. Rd7 Rb1 40. Kg2
h4 41. Rxa7 h3+ 42. Kg3 Rxf1 43. Kxg4 Rg1+ 44. Kxh3 Kh6 45. Ra5 g5 0-1

[Event "World Blitz Final"]
[Site "Astana KAZ"]
[Date "2012.07.09"]
[Round "9"]
[White "Karjakin, Sergey"]
[Black "Morozevich, A."]
[Result "1/2-1/2"]
[WhiteElo "2779"]
[BlackElo "2770"]
[PlyCount "85"]
[EventDate "2012.07.01"]

1. e4 c5 2. Nf3 Nc6 3. d4 cxd4 4. Nxd4 Nf6 5. Nc3 d6 6. Bg5 Bd7 7. Qd2 Rc8 8.
Bxf6 gxf6 9. Nf5 Qa5 10. Ne3 Bh6 11. g3 Ne5 12. Be2 Bxe3 13. Qxe3 b5 14. O-O h5
15. f4 Nc4 16. Bxc4 Rxc4 17. a3 h4 18. Rae1 hxg3 19. hxg3 Bc6 20. Rf2 f5 21.
Rh2 Rxh2 22. Kxh2 Bxe4 23. g4 e6 24. gxf5 Bxf5 25. Rg1 Qb6 26. Rg8+ Kd7 27.
Qxb6 axb6 28. Kg3 b4 29. Na4 Kc7 30. Rc8+ Kxc8 31. Nxb6+ Kc7 32. Nxc4 Bxc2 33.
axb4 Bd3 34. Ne3 Kc6 35. Kf2 Kb5 36. Ng4 Kxb4 37. Ke3 Bg6 38. Kd4 Kb3 39. Nf6
Kxb2 40. Ne8 d5 41. Nd6 Kc2 42. f5 Bxf5 43. Nxf7 1/2-1/2

[Event "World Blitz Final"]
[Site "Astana KAZ"]
[Date "2012.07.09"]
[Round "9"]
[White "Gelfand, B."]
[Black "Kotsur, P."]
[Result "1/2-1/2"]
[WhiteElo "2738"]
[BlackElo "2548"]
[PlyCount "102"]
[EventDate "2012.07.01"]

1. d4 c5 2. d5 d6 3. e4 g6 4. Nc3 Bg7 5. Nf3 Nf6 6. Bb5+ Nfd7 7. a4 Na6 8. O-O
Nc7 9. Re1 O-O 10. Bf4 a6 11. Bf1 b6 12. Qd2 Re8 13. e5 dxe5 14. Nxe5 Nxe5 15.
Bxe5 Bxe5 16. Rxe5 Qd6 17. Rae1 Bb7 18. Bc4 e6 19. Qg5 exd5 20. Rxe8+ Rxe8 21.
Rxe8+ Nxe8 22. Bxd5 h6 23. Qg3 Bxd5 24. Qxd6 Nxd6 25. Nxd5 b5 26. axb5 axb5 27.
Kf1 f5 28. Nf6+ Kf7 29. Nd7 c4 30. Ne5+ Kf6 31. f4 g5 32. g3 Ke6 33. Ke2 gxf4
34. gxf4 Kd5 35. Ke3 b4 36. b3 cxb3 37. cxb3 h5 38. Nd3 Ne4 39. Nxb4+ Kc5 40.
Nd3+ Kd5 41. Nf2 Nc5 42. b4 Na6 43. b5 Nb4 44. Nd1 Kc5 45. Nc3 Nc2+ 46. Kd3
Nb4+ 47. Ke3 Nc2+ 48. Kd2 Nd4 49. Kd3 Nf3 50. h3 Ng1 51. Ke3 Nxh3 1/2-1/2

[Event "World Blitz Final"]
[Site "Astana KAZ"]
[Date "2012.07.09"]
[Round "9"]
[White "Jumabayev, R."]
[Black "Grischuk, A."]
[Result "0-1"]
[WhiteElo "2525"]
[BlackElo "2763"]
[PlyCount "54"]
[EventDate "2012.07.01"]

1. Nf3 c5 2. c4 Nc6 3. d4 cxd4 4. Nxd4 Nf6 5. Nc3 e6 6. a3 Bc5 7. Nb3 Be7 8. e4
O-O 9. Be2 b6 10. Bf4 d6 11. O-O Bb7 12. Rc1 a6 13. Kh1 Rc8 14. Bg3 Ne5 15. Nd2
Re8 16. f4 Ng6 17. Bf3 Ba8 18. b4 Bf8 19. e5 Bxf3 20. Qxf3 Nd7 21. exd6 Bxd6
22. Nce4 Bf8 23. f5 Nde5 24. Bxe5 Nxe5 25. Qg3 exf5 26. Rxf5 Ng6 27. Rd5 Qxd5
0-1

[Event "World Blitz Final"]
[Site "Astana KAZ"]
[Date "2012.07.09"]
[Round "9"]
[White "Mamedyarov, S."]
[Black "Le Quang Liem"]
[Result "0-1"]
[WhiteElo "2726"]
[BlackElo "2693"]
[PlyCount "75"]
[EventDate "2012.07.01"]

1. d4 d5 2. Nf3 Nf6 3. g3 g6 4. Bg2 Bg7 5. c4 c6 6. cxd5 cxd5 7. Nc3 O-O 8. Ne5
e6 9. O-O Nfd7 10. Nf3 Nf6 11. Bf4 Nc6 12. a3 Bd7 13. Rc1 Qe7 14. Ne5 Nxe5 15.
Bxe5 Rac8 16. Qb3 Bc6 17. Nb5 Bxb5 18. Qxb5 Ng4 19. Bxg7 Kxg7 20. e3 Rc7 21. e4
dxe4 22. Bxe4 Rfc8 23. Rxc7 Rxc7 24. Bf3 Nf6 25. Qe5 b6 26. Re1 Qd8 27. h4 Rd7
28. Rd1 Kg8 29. Kg2 h5 30. Rd3 Nd5 31. Rd1 Ne7 32. Be4 Qc7 33. Qg5 Kg7 34. Rd3
Nd5 35. Rf3 Qd6 36. Kh2 Qe7 37. Qd2 Nf6 38. Qe3 0-1

[Event "World Blitz Final"]
[Site "Astana KAZ"]
[Date "2012.07.09"]
[Round "9"]
[White "Carlsen, M."]
[Black "Topalov, V."]
[Result "1/2-1/2"]
[WhiteElo "2837"]
[BlackElo "2752"]
[PlyCount "83"]
[EventDate "2012.07.01"]

1. e4 c5 2. Nf3 g6 3. c4 Nc6 4. d4 cxd4 5. Nxd4 Nf6 6. Nc3 Nxd4 7. Qxd4 d6 8.
Bg5 Bg7 9. Qd2 O-O 10. Bd3 a5 11. O-O a4 12. Rfe1 Bd7 13. Rab1 Re8 14. h3 Qa5
15. b4 axb3 16. axb3 Qb4 17. Qc2 Be6 18. Bd2 Qc5 19. Be3 Qb4 20. Nb5 Rec8 21.
f4 Bd7 22. Nc3 Bc6 23. Ne2 Nd7 24. Nd4 Nc5 25. Kh2 Ra3 26. Bg1 Rca8 27. Bf1 Ra2
28. Nxc6 bxc6 29. Qd1 Ne6 30. Qf3 Nd4 31. Qg3 Rc2 32. e5 dxe5 33. fxe5 c5 34.
Bxd4 cxd4 35. Ra1 Rxa1 36. Rxa1 Qb8 37. Re1 Rc3 38. Qf4 Rxb3 39. Qxd4 e6 40. c5
Rb4 41. Qd6 Bf8 42. Qxb8 1/2-1/2

[Event "World Blitz Final"]
[Site "Astana KAZ"]
[Date "2012.07.09"]
[Round "9"]
[White "Ivanchuk, V."]
[Black "Chadaev, N."]
[Result "1-0"]
[WhiteElo "2769"]
[BlackElo "2580"]
[PlyCount "75"]
[EventDate "2012.07.01"]

1. e4 e5 2. Nc3 Nf6 3. Bc4 Nc6 4. d3 Na5 5. Bb3 Nxb3 6. axb3 d5 7. exd5 Nxd5 8.
Qh5 Nb4 9. Qxe5+ Be7 10. Qe2 O-O 11. Qd1 Re8 12. Nge2 b6 13. O-O Bb7 14. Be3
Qd7 15. Qd2 a5 16. Rae1 Rad8 17. f3 Bf8 18. Bf2 f6 19. Ng3 Rxe1 20. Rxe1 Re8
21. Rxe8 Qxe8 22. Nce4 Qd7 23. d4 f5 24. Ng5 h6 25. Nh3 Bd6 26. c3 Nd5 27. c4
Nf6 28. d5 Bc8 29. Bd4 Ne8 30. Nf4 a4 31. b4 Bf8 32. Ne6 Nd6 33. Qc3 b5 34. Nh5
Nxc4 35. Nxf8 Kxf8 36. Bxg7+ Kf7 37. Qf6+ Kg8 38. Qf8+ 1-0

[Event "World Blitz Final"]
[Site "Astana KAZ"]
[Date "2012.07.09"]
[Round "9"]
[White "Svidler, P."]
[Black "Bologan, V."]
[Result "1-0"]
[WhiteElo "2749"]
[BlackElo "2732"]
[PlyCount "75"]
[EventDate "2012.07.01"]

1. e4 g6 2. d4 Bg7 3. Nc3 c6 4. Nf3 d6 5. a4 Nf6 6. h3 O-O 7. Be3 Qa5 8. Nd2
Qc7 9. Be2 e5 10. d5 cxd5 11. exd5 Nbd7 12. Nc4 a6 13. a5 Nc5 14. O-O Nfe4 15.
Nxe4 Nxe4 16. Nb6 Rb8 17. Ra4 f5 18. Rxe4 fxe4 19. c4 Qe7 20. b4 Bf5 21. Qd2
Bf6 22. c5 Rfd8 23. Rc1 h5 24. Nc4 dxc5 25. bxc5 Be6 26. Nb6 Bf7 27. Qc2 Bg5
28. Qxe4 Bxe3 29. Qxe3 Rxd5 30. Nxd5 Bxd5 31. Rd1 Bf7 32. Rd6 Rc8 33. Bd3 Kg7
34. f4 Re8 35. f5 gxf5 36. Qh6+ Kg8 37. Bxf5 Qf8 38. Qh7# 1-0

[Event "World Blitz Final"]
[Site "Astana KAZ"]
[Date "2012.07.09"]
[Round "10"]
[White "Chadaev, N."]
[Black "Svidler, P."]
[Result "1/2-1/2"]
[WhiteElo "2580"]
[BlackElo "2749"]
[PlyCount "82"]
[EventDate "2012.07.01"]

1. e4 c5 2. Nf3 e6 3. d4 cxd4 4. Nxd4 Nc6 5. Nc3 a6 6. g3 d6 7. Bg2 Bd7 8. O-O
Nf6 9. a4 Be7 10. Nb3 Na5 11. Nxa5 Qxa5 12. Bf4 Bc6 13. Qd2 Rd8 14. Rfd1 Qc7
15. a5 O-O 16. h3 h6 17. Kh2 Rd7 18. Be3 Rc8 19. Bb6 Qb8 20. Qe3 Ne8 21. Ne2
Nc7 22. Ba7 Qa8 23. Bb6 Qb8 24. Nd4 Na8 25. Nxc6 Rxc6 26. Ba7 Qd8 27. c3 b5 28.
axb6 Nxb6 29. Bxb6 Qxb6 30. Qxb6 Rxb6 31. Ra2 Rdb7 32. Rd2 a5 33. Kg1 g5 34.
Bf1 Bf6 35. Be2 Be5 36. Bh5 Rb5 37. Be2 Rc5 38. Kg2 Kg7 39. Ra4 Rb6 40. Ra2 Rb7
41. Ra4 Rb6 1/2-1/2

[Event "World Blitz Final"]
[Site "Astana KAZ"]
[Date "2012.07.09"]
[Round "10"]
[White "Le Quang Liem"]
[Black "Carlsen, M."]
[Result "0-1"]
[WhiteElo "2693"]
[BlackElo "2837"]
[PlyCount "112"]
[EventDate "2012.07.01"]

1. d4 g6 2. c4 Bg7 3. Nc3 d6 4. e4 c5 5. Nge2 cxd4 6. Nxd4 Nc6 7. Be3 Nf6 8.
Be2 Nxd4 9. Bxd4 O-O 10. O-O Bd7 11. Qd2 a5 12. b3 Bc6 13. f3 Nd7 14. Be3 Nc5
15. Rab1 Qb6 16. Rfc1 Rfc8 17. Rc2 Qd8 18. Kh1 h5 19. a3 Kh7 20. Bf1 Be5 21.
Nd5 e6 22. Nc3 Qh4 23. Bg1 Qe7 24. Ne2 Rd8 25. Nd4 Qf6 26. b4 axb4 27. axb4
Bxe4 28. fxe4 Nxe4 29. Qe3 Qh4 30. Ne2 f5 31. Qh3 Qf6 32. Rd1 Ra4 33. b5 Rda8
34. Nd4 Ra1 35. Qd3 R8a3 36. Rxa1 Rxd3 37. Bxd3 Bxd4 38. Rd1 Nc5 39. Bxd4 Qxd4
40. Be2 Qf4 41. Bf3 b6 42. Rcd2 e5 43. Rxd6 e4 44. Be2 Qf2 45. R6d2 e3 46. Rc2
Ne4 47. Bd3 Qh4 48. Bxe4 Qxe4 49. Re2 f4 50. Rc1 f3 51. gxf3 Qxf3+ 52. Rg2 h4
53. Kg1 h3 54. Rgc2 e2 55. Re1 Qe3+ 56. Kh1 Qe4+ 0-1

[Event "World Blitz Final"]
[Site "Astana KAZ"]
[Date "2012.07.09"]
[Round "10"]
[White "Grischuk, A."]
[Black "Mamedyarov, S."]
[Result "1-0"]
[WhiteElo "2763"]
[BlackElo "2726"]
[PlyCount "61"]
[EventDate "2012.07.01"]

1. e4 g6 2. d4 Bg7 3. Nc3 d6 4. f4 Nf6 5. Nf3 c5 6. Bb5+ Bd7 7. e5 Ng4 8. Bxd7+
Qxd7 9. h3 Nh6 10. dxc5 dxe5 11. fxe5 Qxd1+ 12. Kxd1 Nd7 13. g4 Nxc5 14. Be3
Ne6 15. Ke2 f6 16. Nd5 Nf7 17. exf6 exf6 18. Nd4 Nxd4+ 19. Bxd4 O-O-O 20. c4
Rhe8+ 21. Kf2 Ne5 22. Bxe5 Rxe5 23. Rae1 Rde8 24. Rxe5 Rxe5 25. b3 f5 26. Rd1
g5 27. Kf3 f4 28. h4 h6 29. hxg5 hxg5 30. Rh1 Re1 31. Rxe1 1-0

[Event "World Blitz Final"]
[Site "Astana KAZ"]
[Date "2012.07.09"]
[Round "10"]
[White "Radjabov, T."]
[Black "Jumabayev, R."]
[Result "1-0"]
[WhiteElo "2788"]
[BlackElo "2525"]
[PlyCount "157"]
[EventDate "2012.07.01"]

1. Nf3 Nf6 2. c4 c6 3. g3 d5 4. Bg2 dxc4 5. Na3 Qd5 6. Qc2 Bf5 7. Qxc4 Qxc4 8.
Nxc4 Nbd7 9. d3 Nb6 10. Na5 O-O-O 11. O-O e6 12. Ne5 Bg6 13. Bd2 Bd6 14. Nxg6
hxg6 15. Rfc1 Nfd5 16. a3 Be5 17. Rab1 Kb8 18. h4 Bc7 19. Nb3 Ne7 20. Nc5 Nf5
21. b4 a6 22. a4 Nd4 23. Kf1 Nd7 24. e3 Nf5 25. Ke2 Nxc5 26. Rxc5 Nd6 27. d4
Rh5 28. Bf3 Rhh8 29. Be1 Bb6 30. Rc2 Ba7 31. Bc3 Rhe8 32. Ba1 Rc8 33. Bc3 Bb6
34. Bd2 Bd8 35. Rcc1 Bf6 36. Rc2 Rcd8 37. Rh1 Rh8 38. Rc5 Rde8 39. Bg2 Ka7 40.
h5 gxh5 41. Rhxh5 g6 42. Rxh8 Rxh8 43. Rc1 Kb8 44. Bc3 Nc8 45. b5 axb5 46. axb5
cxb5 47. Rb1 Na7 48. Bb4 Bd8 49. Bc5 Bc7 50. d5 exd5 51. Bxd5 Rh5 52. e4 f5 53.
Be3 Rh8 54. Bf7 fxe4 55. Bxg6 Bd6 56. Bxe4 b4 57. Bd2 Nb5 58. Bxb4 Re8 59. Kd3
Bxb4 60. Rxb4 Nd6 61. Bd5 Kc7 62. Rb2 Re5 63. Kd4 Re1 64. g4 Rg1 65. f3 Rd1+
66. Ke5 Re1+ 67. Kf6 b5 68. Rc2+ Kd7 69. f4 Ne8+ 70. Kg5 Nc7 71. Bf7 b4 72. f5
Re4 73. Rd2+ Ke7 74. Bb3 Nb5 75. f6+ Ke8 76. Ba4 Re5+ 77. Kg6 Rc5 78. f7+ Ke7
79. Re2+ 1-0

[Event "World Blitz Final"]
[Site "Astana KAZ"]
[Date "2012.07.09"]
[Round "10"]
[White "Kotsur, P."]
[Black "Andreikin, D."]
[Result "0-1"]
[WhiteElo "2548"]
[BlackElo "2700"]
[PlyCount "42"]
[EventDate "2012.07.01"]

1. c4 c5 2. Nf3 Nc6 3. d4 cxd4 4. Nxd4 Nf6 5. g3 d6 6. Bg2 Bd7 7. O-O g6 8. Nc3
Bg7 9. Nc2 Qc8 10. Nd5 Ne5 11. Nce3 Nxd5 12. cxd5 O-O 13. Bd2 Qc5 14. Bc3 Rfc8
15. Qb3 Qb5 16. Rfe1 a6 17. Bf1 Rc5 18. f4 Qxb3 19. axb3 Ng4 20. b4 Bxc3 21.
bxc5 Bd4 0-1

[Event "World Blitz Final"]
[Site "Astana KAZ"]
[Date "2012.07.09"]
[Round "11"]
[White "Gelfand, B."]
[Black "Morozevich, A."]
[Result "1/2-1/2"]
[WhiteElo "2738"]
[BlackElo "2770"]
[PlyCount "81"]
[EventDate "2012.07.01"]

1. d4 d5 2. c4 e5 3. dxe5 d4 4. Nf3 Nc6 5. a3 Nge7 6. b4 Ng6 7. Bb2 a5 8. b5
Ncxe5 9. Nxe5 Nxe5 10. Bxd4 Nxc4 11. e3 Be6 12. Qc2 Nd6 13. Bd3 Qg5 14. Nc3
Qxg2 15. O-O-O Qh3 16. Kb1 a4 17. Ne4 Qh5 18. Qxc7 Qd5 19. Qc2 Nxb5 20. Bxb5+
Qxb5+ 21. Ka1 Rc8 22. Qb2 Qxb2+ 23. Bxb2 Rc6 24. Rd4 b5 25. Rhd1 Be7 26. Nd6+
Bxd6 27. Rxd6 Rxd6 28. Rxd6 O-O 29. Rb6 Bc4 30. Be5 f6 31. Bd6 Rd8 32. Rb8 Rxb8
33. Bxb8 Kf7 34. Kb2 Ke6 35. e4 Bd3 36. f3 Be2 37. f4 Bd3 38. e5 f5 39. Kc3 Bc4
40. Kd4 h6 41. h4 1/2-1/2

[Event "World Blitz Final"]
[Site "Astana KAZ"]
[Date "2012.07.09"]
[Round "11"]
[White "Andreikin, D."]
[Black "Karjakin, Sergey"]
[Result "1/2-1/2"]
[WhiteElo "2700"]
[BlackElo "2779"]
[PlyCount "85"]
[EventDate "2012.07.01"]

1. Nf3 Nf6 2. g3 d5 3. Bg2 c6 4. c4 dxc4 5. O-O Nbd7 6. Qc2 Nb6 7. Na3 g6 8.
Nxc4 Nxc4 9. Qxc4 Bg7 10. d3 O-O 11. Bf4 Be6 12. Qc2 Nd5 13. Be5 Bxe5 14. Nxe5
Nf6 15. Rfc1 Qd6 16. Nc4 Qd7 17. b4 Bd5 18. Rab1 Bxg2 19. Kxg2 Nd5 20. Qb2 Rfd8
21. Qe5 Rac8 22. a4 Nb6 23. a5 Nxc4 24. Rxc4 a6 25. Rbc1 Qd5+ 26. Qxd5 Rxd5 27.
Rc5 Rcd8 28. f4 f5 29. Kf3 Kf7 30. R1c4 Rd4 31. Ke3 R4d6 32. Re5 Kf6 33. h3 h5
34. h4 R8d7 35. Kd2 Rd8 36. Kc3 e6 37. d4 Ke7 38. e3 Rd5 39. Rc5 R8d6 40. Kc4
Kd7 41. Kc3 Ke7 42. Kc4 Kd7 43. Kc3 1/2-1/2

[Event "World Blitz Final"]
[Site "Astana KAZ"]
[Date "2012.07.09"]
[Round "11"]
[White "Jumabayev, R."]
[Black "Kotsur, P."]
[Result "0-1"]
[WhiteElo "2525"]
[BlackElo "2548"]
[PlyCount "94"]
[EventDate "2012.07.01"]

1. Nf3 c5 2. c4 Nc6 3. d4 cxd4 4. Nxd4 Nf6 5. Nc3 e6 6. g3 Qb6 7. Ndb5 Ne5 8.
Bf4 Nfg4 9. Qa4 Qxf2+ 10. Kd2 Qb6 11. h3 g5 12. Bxg5 Nf2 13. Rh2 Bc5 14. e3
Nf3+ 15. Ke2 Nxg5 16. Kxf2 Bxe3+ 17. Ke2 f5 18. h4 Nf7 19. Re1 Rg8 20. Rg2 a6
21. Kd1 Rb8 22. Na3 Bh6 23. Kc2 Qc6 24. Qxc6 bxc6 25. Bd3 Kd8 26. Rf1 d5 27.
cxd5 cxd5 28. g4 Nd6 29. g5 Bg7 30. h5 Ke7 31. Nab1 Ne4 32. Bxe4 dxe4 33. Nd2
Bb7 34. Rg3 Be5 35. Rgg1 Bd4 36. Rg3 Be5 37. Rgg1 a5 38. Nc4 Bd4 39. Rg2 Ba6
40. b3 Bxc4 41. bxc4 Rbc8 42. Ne2 Rxc4+ 43. Kd2 Be5 44. Rb1 Rc7 45. Rb5 Bd6 46.
Ke3 a4 47. Nd4 Bc5 0-1

[Event "World Blitz Final"]
[Site "Astana KAZ"]
[Date "2012.07.09"]
[Round "11"]
[White "Mamedyarov, S."]
[Black "Radjabov, T."]
[Result "1/2-1/2"]
[WhiteElo "2726"]
[BlackElo "2788"]
[PlyCount "25"]
[EventDate "2012.07.01"]

1. d4 Nf6 2. Nf3 g6 3. g3 Bg7 4. Bg2 O-O 5. c4 c5 6. O-O cxd4 7. Nxd4 d5 8.
cxd5 Nxd5 9. Nb5 Be6 10. Nd4 Bc8 11. Nb5 Be6 12. Nd4 Bc8 13. Nb5 1/2-1/2

[Event "World Blitz Final"]
[Site "Astana KAZ"]
[Date "2012.07.09"]
[Round "11"]
[White "Carlsen, M."]
[Black "Grischuk, A."]
[Result "0-1"]
[WhiteElo "2837"]
[BlackElo "2763"]
[PlyCount "102"]
[EventDate "2012.07.01"]

1. e4 e6 2. d4 d5 3. Bd3 dxe4 4. Bxe4 Nf6 5. Bf3 c5 6. Ne2 cxd4 7. Qxd4 Nbd7 8.
Nbc3 Bc5 9. Qf4 Qe7 10. O-O Bd6 11. Qh4 Ne5 12. Bg5 h6 13. Be4 O-O 14. Bxf6
Qxf6 15. Qxf6 gxf6 16. Rad1 Be7 17. g3 Rb8 18. Nb5 a6 19. Nd6 b5 20. b3 Rb6 21.
Nxc8 Rxc8 22. c3 f5 23. Bg2 a5 24. Rd2 Bf6 25. Rfd1 a4 26. h3 axb3 27. axb3 h5
28. Rd6 Rxd6 29. Rxd6 h4 30. Rb6 hxg3 31. fxg3 Nd3 32. Rxb5 Bxc3 33. Nxc3 Rxc3
34. Bf1 Nc5 35. Rb8+ Kg7 36. Rc8 Rxg3+ 37. Kh2 Ne4 38. b4 Rb3 39. b5 f4 40. Rc2
f3 41. Bc4 Rb4 42. Bd3 f5 43. Bxe4 fxe4 44. Kg3 Rxb5 45. Kf4 Rf5+ 46. Ke3 Kf6
47. h4 Kg6 48. Rf2 Kh5 49. Kxe4 Kg4 50. Rf1 f2 51. h5 Kg3 0-1

[Event "World Blitz Final"]
[Site "Astana KAZ"]
[Date "2012.07.09"]
[Round "11"]
[White "Svidler, P."]
[Black "Topalov, V."]
[Result "1/2-1/2"]
[WhiteElo "2749"]
[BlackElo "2752"]
[PlyCount "54"]
[EventDate "2012.07.01"]

1. Nf3 c5 2. g3 g6 3. Bg2 Bg7 4. O-O Nc6 5. e4 d6 6. Re1 Nf6 7. c3 O-O 8. d4
Bg4 9. dxc5 dxc5 10. Qc2 Nd7 11. h3 Bxf3 12. Bxf3 e6 13. Bg2 a6 14. Be3 Rc8 15.
Nd2 Qe7 16. f4 e5 17. f5 b5 18. g4 Bf6 19. Nf3 Nd4 20. Qd2 Nxf3+ 21. Bxf3 Bh4
22. Red1 Nb6 23. b3 Rfd8 24. Qe2 Bg5 25. Bf2 Bh4 26. Be3 Bg5 27. Bf2 Bh4
1/2-1/2

[Event "World Blitz Final"]
[Site "Astana KAZ"]
[Date "2012.07.09"]
[Round "11"]
[White "Bologan, V."]
[Black "Chadaev, N."]
[Result "1-0"]
[WhiteElo "2732"]
[BlackElo "2580"]
[PlyCount "99"]
[EventDate "2012.07.01"]

1. e4 d6 2. d4 g6 3. Nf3 Bg7 4. c3 Nf6 5. Bd3 O-O 6. O-O Nc6 7. h3 e5 8. Re1
Nh5 9. Bf1 h6 10. Na3 Nf4 11. dxe5 dxe5 12. Qxd8 Rxd8 13. Bxf4 exf4 14. Nb5 Rd7
15. Rad1 Re7 16. Nbd4 Bd7 17. Bc4 Rae8 18. Nxc6 Bxc6 19. Bd5 Bxd5 20. exd5
Rxe1+ 21. Rxe1 Rxe1+ 22. Nxe1 Kf8 23. Nd3 g5 24. Nc5 b6 25. Na6 Be5 26. c4 Bxb2
27. Nxc7 Ke7 28. Nb5 a6 29. Nc7 Kd7 30. Nxa6 Ba3 31. Nb8+ Kd6 32. Na6 Kd7 33.
Nb8+ Kd6 34. Kf1 Kc5 35. Nd7+ Kxc4 36. Nxb6+ Kc5 37. Na4+ Kxd5 38. Ke2 f5 39.
Kd3 h5 40. f3 Be7 41. Nb6+ Kc6 42. Nc4 Kd5 43. a4 g4 44. a5 Bc5 45. Nb2 Bf2 46.
Na4 Ba7 47. Kc3 Bf2 48. Kb4 gxh3 49. gxh3 Kd4 50. Kb5 1-0